[Event "Team Championship of Russia (rapid)"]
[Site "Sochi"]
[Date "2015.05.09"]
[Round "6.7"]
[White "Potkin, Vladimir"]
[Black "Timofeev, Artyom"]
[Result "1/2-1/2"]
[LiveChessVersion "1.4.4"]
[BlackElo "2588"]
[WhiteElo "2676"]
[BlackTeam "Ladya"]
[WhiteTeam "SHSM-Our Heritage-2"]

1. c4 {[%clk 0:15:18]} c5 {[%clk 0:15:17]} 2. Nf3 {[%clk 0:15:27]} Nf6
{[%clk 0:15:24]} 3. Nc3 {[%clk 0:15:34]} d5 {[%clk 0:15:31]} 4. cxd5
{[%clk 0:15:42]} Nxd5 {[%clk 0:15:39]} 5. e3 {[%clk 0:15:22]} Nxc3
{[%clk 0:15:29]} 6. bxc3 {[%clk 0:15:31]} g6 {[%clk 0:15:36]} 7. h4
{[%clk 0:14:58]} h6 {[%clk 0:15:39]} 8. d4 {[%clk 0:14:55]} Bg7 {[%clk 0:15:44]}
9. Bb5+ {[%clk 0:14:55]} Nd7 {[%clk 0:14:41]} 10. O-O {[%clk 0:15:01]} O-O
{[%clk 0:14:38]} 11. e4 {[%clk 0:15:09]} Nf6 {[%clk 0:13:51]} 12. Re1
{[%clk 0:12:27]} Bg4 {[%clk 0:13:39]} 13. Rb1 {[%clk 0:11:35]} Qa5
{[%clk 0:12:57]} 14. Qa4 {[%clk 0:11:26]} Qc7 {[%clk 0:12:50]} 15. Ne5
{[%clk 0:11:25]} a6 {[%clk 0:12:34]} 16. Bf1 {[%clk 0:11:33]} b5 {[%clk 0:12:37]}
17. Qa3 {[%clk 0:10:59]} b4 {[%clk 0:10:46]} 18. cxb4 {[%clk 0:09:46]} cxd4
{[%clk 0:10:50]} 19. Nxg4 {[%clk 0:09:22]} Nxg4 {[%clk 0:10:56]} 20. g3
{[%clk 0:09:28]} h5 {[%clk 0:09:07]} 21. Bf4 {[%clk 0:08:34]} Qb6
{[%clk 0:07:46]} 22. Qa5 {[%clk 0:08:27]} Qxa5 {[%clk 0:06:28]} 23. bxa5
{[%clk 0:08:36]} Rfc8 {[%clk 0:06:36]} 24. Rec1 {[%clk 0:06:46]} Rc3
{[%clk 0:06:40]} 25. Bd2 {[%clk 0:06:55]} Ra3 {[%clk 0:06:06]} 26. Bc4
{[%clk 0:06:53]} Ne5 {[%clk 0:06:09]} 27. Bb4 {[%clk 0:04:43]} Nxc4
{[%clk 0:06:11]} 28. Rxc4 {[%clk 0:04:51]} Rxa2 {[%clk 0:06:17]} 29. Bxe7
{[%clk 0:04:56]} d3 {[%clk 0:05:02]} 30. Kg2 {[%clk 0:03:38]} Re8
{[%clk 0:02:52]} 31. Bg5 {[%clk 0:03:45]} Rxa5 {[%clk 0:02:47]} 32. Rb3
{[%clk 0:03:35]} Rae5 {[%clk 0:02:16]} 33. Rxd3 {[%clk 0:03:20]} Rxe4
{[%clk 0:02:23]} 34. Rxe4 {[%clk 0:03:29]} Rxe4 {[%clk 0:02:30]} 35. Rd8+
{[%clk 0:03:37]} Kh7 {[%clk 0:02:38]} 36. Rd7 {[%clk 0:03:45]} Kg8
{[%clk 0:01:03]} 37. Rd8+ {[%clk 0:03:54]} Kh7 {[%clk 0:01:11]} 38. Rd7
{[%clk 0:04:02]} Kg8 {[%clk 0:01:19]} 1/2-1/2

[Event "Team Championship of Russia (rapid)"]
[Site "Sochi"]
[Date "2015.05.09"]
[Round "6.8"]
[White "Sharafiev, Azat"]
[Black "Popov, Ivan"]
[Result "0-1"]
[LiveChessVersion "1.4.4"]
[BlackElo "2701"]
[WhiteElo "2674"]
[BlackTeam "SHSM-Our Heritage-2"]
[WhiteTeam "Ladya"]

1. Nf3 {[%clk 0:15:19]} Nf6 {[%clk 0:15:11]} 2. c4 {[%clk 0:15:27]} b6
{[%clk 0:15:11]} 3. g3 {[%clk 0:15:34]} Bb7 {[%clk 0:15:19]} 4. Bg2
{[%clk 0:15:42]} g6 {[%clk 0:15:27]} 5. O-O {[%clk 0:15:44]} Bg7 {[%clk 0:15:35]}
6. Nc3 {[%clk 0:15:50]} O-O {[%clk 0:15:40]} 7. d4 {[%clk 0:15:01]} Ne4
{[%clk 0:15:46]} 8. Bd2 {[%clk 0:14:41]} e6 {[%clk 0:14:14]} 9. Nxe4
{[%clk 0:14:31]} Bxe4 {[%clk 0:14:22]} 10. Bc3 {[%clk 0:14:40]} d5
{[%clk 0:14:19]} 11. cxd5 {[%clk 0:14:09]} Qxd5 {[%clk 0:14:24]} 12. Ne1
{[%clk 0:13:49]} Bxg2 {[%clk 0:13:50]} 13. Nxg2 {[%clk 0:13:57]} Rd8
{[%clk 0:13:35]} 14. e3 {[%clk 0:13:10]} Nc6 {[%clk 0:13:37]} 15. Nf4
{[%clk 0:12:59]} Qd7 {[%clk 0:12:34]} 16. Rc1 {[%clk 0:12:54]} e5
{[%clk 0:12:19]} 17. dxe5 {[%clk 0:12:44]} Nxe5 {[%clk 0:12:26]} 18. Qxd7
{[%clk 0:11:47]} Rxd7 {[%clk 0:12:34]} 19. b4 {[%clk 0:11:44]} Rad8
{[%clk 0:11:26]} 20. h4 {[%clk 0:11:17]} h5 {[%clk 0:09:26]} 21. Kg2
{[%clk 0:10:21]} Ng4 {[%clk 0:09:26]} 22. Bxg7 {[%clk 0:08:12]} Kxg7
{[%clk 0:09:34]} 23. Kg1 {[%clk 0:08:17]} Ne5 {[%clk 0:08:21]} 24. b5
{[%clk 0:06:28]} c5 {[%clk 0:06:07]} 25. bxc6 {[%clk 0:06:01]} Rc7
{[%clk 0:06:15]} 26. Ne2 {[%clk 0:04:58]} Rxc6 {[%clk 0:05:37]} 27. Nd4
{[%clk 0:05:03]} Rc5 {[%clk 0:05:45]} 28. Nb3 {[%clk 0:04:24]} Rxc1
{[%clk 0:04:43]} 29. Rxc1 {[%clk 0:04:33]} Kf6 {[%clk 0:04:51]} 30. Kf1
{[%clk 0:04:28]} Rd5 {[%clk 0:04:28]} 31. Ke2 {[%clk 0:03:52]} Rb5
{[%clk 0:04:35]} 32. f4 {[%clk 0:03:46]} Ng4 {[%clk 0:04:39]} 33. Rc6+
{[%clk 0:03:47]} Kg7 {[%clk 0:04:44]} 34. e4 {[%clk 0:02:44]} Rb4
{[%clk 0:04:51]} 35. e5 {[%clk 0:02:26]} Re4+ {[%clk 0:04:39]} 36. Kd2
{[%clk 0:02:23]} Ra4 {[%clk 0:03:22]} 37. Nc1 {[%clk 0:01:47]} Nh6
{[%clk 0:03:20]} 38. Rc7 {[%clk 0:01:42]} Kf8 {[%clk 0:03:18]} 39. Kc3
{[%clk 0:01:29]} Nf5 {[%clk 0:03:02]} 40. Kb3 {[%clk 0:01:30]} Re4
{[%clk 0:02:56]} 41. Rc3 {[%clk 0:01:01]} Re1 {[%clk 0:02:49]} 42. Kb4
{[%clk 0:00:31]} Rg1 {[%clk 0:02:51]} 43. Ne2 {[%clk 0:00:18]} Rg2
{[%clk 0:02:58]} 44. Rc2 {[%clk 0:00:27]} Kg7 {[%clk 0:02:47]} 45. Nd4
{[%clk 0:00:12]} Rxc2 {[%clk 0:02:46]} 46. Nxc2 {[%clk 0:00:21]} Nxg3
{[%clk 0:02:55]} 47. Kb5 {[%clk 0:00:30]} Nf5 {[%clk 0:01:42]} 48. Ka6
{[%clk 0:00:38]} Nxh4 {[%clk 0:01:51]} 49. Kxa7 {[%clk 0:00:14]} Ng2
{[%clk 0:01:58]} 50. Kxb6 {[%clk 0:00:17]} h4 {[%clk 0:02:02]} 51. Nd4
{[%clk 0:00:25]} h3 {[%clk 0:01:55]} 52. Nf3 {[%clk 0:00:33]} Nxf4
{[%clk 0:01:56]} 53. a4 {[%clk 0:00:43]} Nd3 {[%clk 0:02:02]} 54. Nh2
{[%clk 0:00:13]} Nb2 {[%clk 0:01:36]} 55. a5 {[%clk 0:00:16]} Nc4+
{[%clk 0:01:45]} 56. Kb5 {[%clk 0:00:26]} Nxa5 {[%clk 0:01:53]} 57. Kxa5
{[%clk 0:00:35]} g5 {[%clk 0:01:47]} 58. Kb4 {[%clk 0:00:37]} Kg6
{[%clk 0:01:55]} 59. Kc3 {[%clk 0:00:32]} Kf5 {[%clk 0:02:03]} 60. Kd3
{[%clk 0:00:27]} g4 {[%clk 0:02:08]} 61. Ke3 {[%clk 0:00:13]} g3 {[%clk 0:02:13]}
62. Nf1 {[%clk 0:00:18]} Kg4 {[%clk 0:02:16]} 0-1

[Event "Team Championship of Russia (rapid)"]
[Site "Sochi"]
[Date "2015.05.09"]
[Round "6.9"]
[White "Sjugirov, Sanan"]
[Black "Svidler, Peter"]
[Result "0-1"]
[LiveChessVersion "1.4.4"]
[BlackElo "2649"]
[WhiteElo "2721"]
[BlackTeam "The Bronze Horseman"]
[WhiteTeam "Zhiguli"]

1. e4 {[%clk 0:15:15]} c5 {[%clk 0:15:14]} 2. Nf3 {[%clk 0:15:23]} e6
{[%clk 0:15:22]} 3. c3 {[%clk 0:15:28]} d5 {[%clk 0:15:10]} 4. e5
{[%clk 0:15:37]} d4 {[%clk 0:15:16]} 5. Na3 {[%clk 0:15:42]} Ne7 {[%clk 0:14:14]}
6. Bd3 {[%clk 0:15:39]} Bd7 {[%clk 0:13:39]} 7. O-O {[%clk 0:13:26]} Bc6
{[%clk 0:12:48]} 8. Re1 {[%clk 0:11:15]} Ng6 {[%clk 0:12:32]} 9. Be4
{[%clk 0:10:58]} Bxe4 {[%clk 0:11:17]} 10. Rxe4 {[%clk 0:11:07]} Nc6
{[%clk 0:11:25]} 11. d3 {[%clk 0:10:40]} dxc3 {[%clk 0:10:59]} 12. bxc3
{[%clk 0:10:49]} Be7 {[%clk 0:10:51]} 13. Rb1 {[%clk 0:08:11]} Qd7
{[%clk 0:10:07]} 14. h4 {[%clk 0:08:18]} h5 {[%clk 0:10:15]} 15. Nc4
{[%clk 0:07:52]} Rd8 {[%clk 0:10:12]} 16. Bg5 {[%clk 0:07:45]} f6
{[%clk 0:10:03]} 17. exf6 {[%clk 0:03:51]} gxf6 {[%clk 0:10:11]} 18. Be3
{[%clk 0:03:59]} Kf7 {[%clk 0:09:39]} 19. Qb3 {[%clk 0:02:53]} b5
{[%clk 0:08:11]} 20. Ncd2 {[%clk 0:01:40]} f5 {[%clk 0:08:18]} 21. Bxc5
{[%clk 0:01:15]} fxe4 {[%clk 0:08:06]} 22. Nxe4 {[%clk 0:01:23]} Qd5
{[%clk 0:06:35]} 23. Qa3 {[%clk 0:00:51]} Bxc5 {[%clk 0:06:17]} 24. Nxc5
{[%clk 0:01:01]} Nf4 {[%clk 0:05:48]} 25. Rxb5 {[%clk 0:01:09]} Rhg8
{[%clk 0:04:37]} 26. Rb7+ {[%clk 0:01:16]} Ne7 {[%clk 0:04:45]} 27. Qxa7
{[%clk 0:00:19]} Rxg2+ {[%clk 0:04:36]} 28. Kh1 {[%clk 0:00:29]} Qxf3
{[%clk 0:04:35]} 29. Rxe7+ {[%clk 0:00:33]} Kg8 {[%clk 0:04:44]} 0-1

[Event "Team Championship of Russia (rapid)"]
[Site "Sochi"]
[Date "2015.05.09"]
[Round "6.10"]
[White "Vitiugov, Nikita"]
[Black "Bukavshin, Ivan"]
[Result "1/2-1/2"]
[LiveChessVersion "1.4.4"]
[BlackElo "2667"]
[WhiteElo "2686"]
[BlackTeam "Zhiguli"]
[WhiteTeam "The Bronze Horseman"]

1. Nf3 {[%clk 0:15:17]} e6 {[%clk 0:15:19]} 2. g3 {[%clk 0:15:10]} b5
{[%clk 0:15:23]} 3. Bg2 {[%clk 0:15:03]} Bb7 {[%clk 0:15:29]} 4. O-O
{[%clk 0:14:45]} c5 {[%clk 0:15:09]} 5. b3 {[%clk 0:14:41]} d6 {[%clk 0:14:51]}
6. c4 {[%clk 0:14:30]} b4 {[%clk 0:14:18]} 7. Bb2 {[%clk 0:14:21]} Nd7
{[%clk 0:14:11]} 8. d4 {[%clk 0:14:22]} Ngf6 {[%clk 0:14:15]} 9. Nbd2
{[%clk 0:13:31]} Be7 {[%clk 0:14:00]} 10. Re1 {[%clk 0:12:14]} O-O
{[%clk 0:13:48]} 11. e4 {[%clk 0:12:11]} cxd4 {[%clk 0:13:36]} 12. Nxd4
{[%clk 0:12:17]} Nc5 {[%clk 0:13:41]} 13. e5 {[%clk 0:11:13]} dxe5
{[%clk 0:11:55]} 14. Bxb7 {[%clk 0:11:18]} Nxb7 {[%clk 0:12:02]} 15. Nc6
{[%clk 0:11:13]} Qc7 {[%clk 0:12:11]} 16. Nxe7+ {[%clk 0:11:00]} Qxe7
{[%clk 0:12:14]} 17. Bxe5 {[%clk 0:09:27]} Rfd8 {[%clk 0:12:13]} 18. Bxf6
{[%clk 0:08:16]} Qxf6 {[%clk 0:10:43]} 19. Ne4 {[%clk 0:08:20]} Qe7
{[%clk 0:09:59]} 20. Qf3 {[%clk 0:07:42]} h6 {[%clk 0:08:01]} 21. g4
{[%clk 0:07:46]} a5 {[%clk 0:05:20]} 22. Rad1 {[%clk 0:06:44]} Rxd1
{[%clk 0:04:55]} 23. Rxd1 {[%clk 0:06:51]} a4 {[%clk 0:05:00]} 24. Nd6
{[%clk 0:05:37]} axb3 {[%clk 0:04:12]} 25. axb3 {[%clk 0:05:35]} Rb8
{[%clk 0:03:35]} 26. Nxb7 {[%clk 0:05:35]} Rxb7 {[%clk 0:03:43]} 27. c5
{[%clk 0:05:20]} Rc7 {[%clk 0:03:22]} 28. Qa8+ {[%clk 0:04:23]} Kh7
{[%clk 0:03:30]} 29. Qe4+ {[%clk 0:04:28]} g6 {[%clk 0:02:49]} 30. c6
{[%clk 0:04:25]} Qc5 {[%clk 0:02:54]} 31. Rd7 {[%clk 0:04:12]} Rxd7
{[%clk 0:02:56]} 32. cxd7 {[%clk 0:04:19]} Qd6 {[%clk 0:03:05]} 33. Kg2
{[%clk 0:03:02]} Qxd7 {[%clk 0:02:53]} 34. Qxb4 {[%clk 0:03:10]} Qd5+
{[%clk 0:03:00]} 35. f3 {[%clk 0:03:18]} e5 {[%clk 0:02:49]} 36. Qc3
{[%clk 0:03:06]} e4 {[%clk 0:02:52]} 37. Qe3 {[%clk 0:02:39]} 1/2-1/2

[Event "Team Championship of Russia (rapid)"]
[Site "Sochi"]
[Date "2015.05.09"]
[Round "6.11"]
[White "Frolyanov, Dmitry"]
[Black "Matlakov, Maxim"]
[Result "1/2-1/2"]
[LiveChessVersion "1.4.4"]
[BlackElo "2647"]
[WhiteElo "2614"]
[BlackTeam "The Bronze Horseman"]

1. e4 {[%clk 0:15:17]} e5 {[%clk 0:15:17]} 2. Nf3 {[%clk 0:15:25]} Nc6
{[%clk 0:15:25]} 3. Bb5 {[%clk 0:15:31]} Nf6 {[%clk 0:15:32]} 4. O-O
{[%clk 0:15:33]} Nxe4 {[%clk 0:15:40]} 5. d4 {[%clk 0:15:39]} Nd6
{[%clk 0:15:48]} 6. Bxc6 {[%clk 0:15:37]} dxc6 {[%clk 0:15:57]} 7. dxe5
{[%clk 0:15:45]} Nf5 {[%clk 0:16:05]} 8. Qxd8+ {[%clk 0:15:53]} Kxd8
{[%clk 0:16:14]} 9. h3 {[%clk 0:15:58]} Ke8 {[%clk 0:15:49]} 10. Nc3
{[%clk 0:15:59]} b6 {[%clk 0:15:25]} 11. Bf4 {[%clk 0:15:26]} Bb4
{[%clk 0:15:01]} 12. Ne4 {[%clk 0:14:05]} Ba6 {[%clk 0:14:57]} 13. Rfc1
{[%clk 0:13:54]} Be2 {[%clk 0:14:49]} 14. Ne1 {[%clk 0:13:13]} Rd8
{[%clk 0:13:28]} 15. c3 {[%clk 0:12:48]} Be7 {[%clk 0:13:36]} 16. Kh2
{[%clk 0:10:29]} h5 {[%clk 0:13:24]} 17. Nc2 {[%clk 0:09:36]} c5 {[%clk 0:12:21]}
18. Re1 {[%clk 0:09:02]} Bd3 {[%clk 0:12:25]} 19. Rac1 {[%clk 0:09:05]} Kd7
{[%clk 0:08:11]} 20. Ng5 {[%clk 0:08:52]} Bc4 {[%clk 0:04:04]} 21. b3
{[%clk 0:07:02]} Be6 {[%clk 0:03:48]} 22. Rcd1+ {[%clk 0:07:08]} Kc6
{[%clk 0:03:58]} 23. Nxe6 {[%clk 0:07:15]} fxe6 {[%clk 0:04:07]} 24. g3
{[%clk 0:04:29]} b5 {[%clk 0:04:15]} 25. Kg2 {[%clk 0:04:26]} a5 {[%clk 0:04:23]}
26. Ne3 {[%clk 0:03:44]} Nxe3+ {[%clk 0:03:22]} 27. Bxe3 {[%clk 0:03:49]} Rxd1
{[%clk 0:02:28]} 28. Rxd1 {[%clk 0:03:57]} Ra8 {[%clk 0:02:37]} 29. g4
{[%clk 0:03:35]} hxg4 {[%clk 0:02:42]} 30. hxg4 {[%clk 0:03:44]} a4
{[%clk 0:02:51]} 31. c4 {[%clk 0:03:18]} bxc4 {[%clk 0:02:02]} 32. bxc4
{[%clk 0:03:26]} Rb8 {[%clk 0:02:11]} 33. Rd2 {[%clk 0:03:19]} Rb1
{[%clk 0:02:11]} 34. Rc2 {[%clk 0:02:53]} Kd7 {[%clk 0:01:48]} 35. Kf3
{[%clk 0:02:55]} Kc6 {[%clk 0:01:21]} 36. Ke4 {[%clk 0:02:55]} g6
{[%clk 0:00:34]} 37. Bc1 {[%clk 0:02:55]} Kd7 {[%clk 0:00:33]} 38. f4
{[%clk 0:03:01]} Ke8 {[%clk 0:00:38]} 39. f5 {[%clk 0:03:08]} gxf5+
{[%clk 0:00:38]} 40. gxf5 {[%clk 0:03:17]} exf5+ {[%clk 0:00:43]} 41. Kxf5
{[%clk 0:03:21]} Kf7 {[%clk 0:00:39]} 42. e6+ {[%clk 0:03:04]} Ke8
{[%clk 0:00:49]} 43. Ke5 {[%clk 0:03:07]} c6 {[%clk 0:00:32]} 44. Rc3
{[%clk 0:02:18]} Bf8 {[%clk 0:00:27]} 45. Rc2 {[%clk 0:02:03]} Bg7+
{[%clk 0:00:46]} 46. Kf5 {[%clk 0:02:07]} Bd4 {[%clk 0:00:37]} 47. Bg5
{[%clk 0:01:41]} Rf1+ {[%clk 0:00:43]} 48. Kg6 {[%clk 0:01:45]} Re1
{[%clk 0:00:41]} 49. e7 {[%clk 0:01:50]} Re6+ {[%clk 0:00:17]} 50. Kf5
{[%clk 0:01:36]} Re5+ {[%clk 0:00:27]} 51. Kg4 {[%clk 0:01:20]} Re4+
{[%clk 0:00:26]} 52. Kf3 {[%clk 0:01:22]} Re5 {[%clk 0:00:17]} 53. Rg2
{[%clk 0:01:31]} Rf5+ {[%clk 0:00:18]} 54. Kg4 {[%clk 0:01:36]} Rf7
{[%clk 0:00:25]} 55. Re2 {[%clk 0:01:18]} Bf6 {[%clk 0:00:29]} 56. Re6
{[%clk 0:01:09]} Bxe7 {[%clk 0:00:14]} 57. Bxe7 {[%clk 0:00:30]} Rxe7
{[%clk 0:00:23]} 58. Kf5 {[%clk 0:00:16]} Kd7 {[%clk 0:00:32]} 59. Rxe7+
{[%clk 0:00:18]} Kxe7 {[%clk 0:00:41]} 60. a3 {[%clk 0:00:27]} Kd7
{[%clk 0:00:41]} 61. Ke5 {[%clk 0:00:33]} Ke7 {[%clk 0:00:50]} 62. Kf5
{[%clk 0:00:42]} Kd7 {[%clk 0:00:59]} 63. Ke5 {[%clk 0:00:51]} Ke7
{[%clk 0:01:08]} 64. Ke4 1/2-1/2

[Event "Team Championship of Russia (rapid)"]
[Site "Sochi"]
[Date "2015.05.09"]
[Round "6.12"]
[White "Khairullin, Ildar"]
[Black "Predke, Alexandr"]
[Result "1/2-1/2"]
[LiveChessVersion "1.4.4"]
[BlackElo "2566"]
[WhiteElo "2617"]
[BlackTeam "Zhiguli"]

1. c4 {[%clk 0:15:18]} e5 {[%clk 0:15:18]} 2. g3 {[%clk 0:15:26]} Nf6
{[%clk 0:15:25]} 3. Bg2 {[%clk 0:15:35]} d5 {[%clk 0:15:32]} 4. cxd5
{[%clk 0:15:40]} Nxd5 {[%clk 0:15:40]} 5. Nc3 {[%clk 0:15:44]} Nb6
{[%clk 0:15:48]} 6. Nf3 {[%clk 0:15:49]} Nc6 {[%clk 0:15:55]} 7. O-O
{[%clk 0:15:43]} Be7 {[%clk 0:16:03]} 8. a3 {[%clk 0:15:03]} O-O {[%clk 0:16:02]}
9. b4 {[%clk 0:15:12]} Be6 {[%clk 0:16:03]} 10. d3 {[%clk 0:15:05]} a5
{[%clk 0:16:06]} 11. b5 {[%clk 0:14:54]} Nd4 {[%clk 0:16:13]} 12. Rb1
{[%clk 0:14:55]} f6 {[%clk 0:16:07]} 13. Nd2 {[%clk 0:12:59]} Qc8
{[%clk 0:16:15]} 14. e3 {[%clk 0:13:05]} Nf5 {[%clk 0:16:23]} 15. Qc2
{[%clk 0:13:09]} Rd8 {[%clk 0:16:32]} 16. Rd1 {[%clk 0:13:06]} Nd6
{[%clk 0:16:22]} 17. a4 {[%clk 0:12:56]} Nf7 {[%clk 0:15:58]} 18. Bb2
{[%clk 0:13:00]} Rb8 {[%clk 0:14:53]} 19. Nc4 {[%clk 0:10:39]} Bb4
{[%clk 0:13:19]} 20. Rbc1 {[%clk 0:09:29]} Bg4 {[%clk 0:09:15]} 21. Rf1
{[%clk 0:09:38]} Nxc4 22. dxc4 {[%clk 0:09:46]} c6 {[%clk 0:08:23]} 23. f4
{[%clk 0:05:53]} exf4 {[%clk 0:07:14]} 24. exf4 {[%clk 0:06:02]} Qe6
{[%clk 0:07:22]} 25. Ne4 {[%clk 0:05:38]} f5 {[%clk 0:07:11]} 26. Nf2
{[%clk 0:04:56]} Qe2 {[%clk 0:04:03]} 27. Bc3 {[%clk 0:04:04]} Qe3
{[%clk 0:02:40]} 28. Rfe1 {[%clk 0:03:34]} Qc5 {[%clk 0:02:49]} 29. Bxb4
{[%clk 0:02:31]} axb4 {[%clk 0:02:57]} 30. h3 {[%clk 0:02:38]} Bh5
{[%clk 0:02:57]} 31. Kh2 {[%clk 0:02:45]} b3 {[%clk 0:02:16]} 32. Qb2
{[%clk 0:02:52]} Qb4 {[%clk 0:02:22]} 33. Rc3 {[%clk 0:03:00]} Qxa4
{[%clk 0:02:05]} 34. Rxb3 {[%clk 0:02:52]} cxb5 {[%clk 0:01:34]} 35. Rxb5
{[%clk 0:03:00]} Qxc4 {[%clk 0:01:35]} 36. Rxf5 {[%clk 0:02:54]} Bg6
{[%clk 0:00:51]} 37. Rb5 {[%clk 0:03:03]} Qc2 {[%clk 0:00:55]} 38. Qxc2
{[%clk 0:02:37]} Bxc2 {[%clk 0:01:04]} 39. Rxb7 {[%clk 0:02:29]} Rxb7
{[%clk 0:01:10]} 40. Bxb7 {[%clk 0:02:38]} Kf8 {[%clk 0:01:20]} 41. Re2
{[%clk 0:02:43]} Bb3 {[%clk 0:01:21]} 42. Be4 {[%clk 0:02:41]} g6
{[%clk 0:01:12]} 43. Rb2 {[%clk 0:02:02]} Bd5 {[%clk 0:01:17]} 44. Kg2
{[%clk 0:01:19]} Bxe4+ {[%clk 0:00:51]} 45. Nxe4 {[%clk 0:01:27]} Rd4
{[%clk 0:01:00]} 46. Nc5 {[%clk 0:01:22]} Rc4 {[%clk 0:00:57]} 47. Nd7+
{[%clk 0:00:42]} Ke7 {[%clk 0:00:59]} 48. Rb7 {[%clk 0:00:47]} Rc2+
{[%clk 0:00:59]} 49. Kf1 {[%clk 0:00:33]} Nd6 {[%clk 0:00:25]} 50. Ra7
{[%clk 0:00:42]} Nc8 {[%clk 0:00:20]} 51. Rb7 {[%clk 0:00:50]} Nd6
{[%clk 0:00:29]} 52. Ra7 {[%clk 0:00:58]} Nc8 {[%clk 0:00:14]} 53. Rb7
{[%clk 0:01:07]} Nd6 {[%clk 0:00:23]} 54. Ra7 {[%clk 0:01:16]} Nc8
{[%clk 0:00:21]} 1/2-1/2

[Event "Team Championship of Russia (rapid)"]
[Site "Sochi"]
[Date "2015.05.09"]
[Round "6.13"]
[White "Potapov, Pavel"]
[Black "Korobov, Anton"]
[Result "0-1"]
[LiveChessVersion "1.4.4"]
[BlackElo "2660"]
[WhiteElo "2500"]
[BlackTeam "Siberia"]
[WhiteTeam "Yamal"]

1. e4 {[%clk 0:15:17]} c5 {[%clk 0:15:19]} 2. c3 {[%clk 0:15:26]} d5
{[%clk 0:15:25]} 3. exd5 {[%clk 0:15:35]} Qxd5 {[%clk 0:15:34]} 4. d4
{[%clk 0:15:43]} g6 {[%clk 0:15:43]} 5. Nf3 {[%clk 0:15:45]} Bg7 {[%clk 0:15:51]}
6. Na3 {[%clk 0:15:40]} cxd4 {[%clk 0:15:58]} 7. Bc4 {[%clk 0:14:24]} Qe4+
{[%clk 0:16:06]} 8. Be3 {[%clk 0:14:25]} Nh6 {[%clk 0:16:15]} 9. cxd4
{[%clk 0:13:08]} O-O {[%clk 0:16:21]} 10. O-O {[%clk 0:13:10]} Nf5
{[%clk 0:13:58]} 11. Re1 {[%clk 0:12:34]} Nxe3 {[%clk 0:13:49]} 12. Rxe3
{[%clk 0:12:41]} Qf4 {[%clk 0:13:58]} 13. Ne5 {[%clk 0:11:00]} Nc6
{[%clk 0:12:43]} 14. Rf3 {[%clk 0:08:07]} Qxd4 {[%clk 0:12:25]} 15. Nxf7
{[%clk 0:07:27]} e6 {[%clk 0:11:51]} 16. Ng5 {[%clk 0:06:52]} Rxf3
{[%clk 0:07:41]} 17. Qxf3 {[%clk 0:05:44]} Ne5 {[%clk 0:07:50]} 18. Qb3
{[%clk 0:05:17]} Nxc4 {[%clk 0:07:57]} 19. Nxc4 {[%clk 0:05:24]} Qd5
{[%clk 0:08:03]} 20. h4 {[%clk 0:04:26]} b5 {[%clk 0:07:52]} 21. Ne3
{[%clk 0:04:25]} Qxb3 {[%clk 0:07:56]} 22. axb3 {[%clk 0:04:33]} Bxb2
{[%clk 0:06:55]} 23. Rd1 {[%clk 0:04:34]} Bf6 {[%clk 0:06:35]} 24. Ng4
{[%clk 0:03:52]} Be7 {[%clk 0:06:40]} 25. Ne5 {[%clk 0:03:56]} a5
{[%clk 0:06:18]} 26. Nc6 {[%clk 0:02:18]} Bf6 {[%clk 0:06:25]} 27. Ne4
{[%clk 0:01:56]} Bxh4 {[%clk 0:06:14]} 28. Nd6 {[%clk 0:01:26]} a4
{[%clk 0:06:03]} 29. Nxb5 {[%clk 0:00:37]} axb3 {[%clk 0:06:01]} 30. Rb1
{[%clk 0:00:28]} Bd7 {[%clk 0:05:24]} 31. Nbd4 {[%clk 0:00:31]} Ra2
{[%clk 0:04:07]} 32. g3 {[%clk 0:00:27]} Bxc6 {[%clk 0:04:13]} 33. Nxc6
{[%clk 0:00:22]} b2 {[%clk 0:04:21]} 34. Rxb2 {[%clk 0:00:17]} Rxb2
{[%clk 0:04:24]} 35. gxh4 {[%clk 0:00:26]} Kf7 {[%clk 0:04:00]} 36. Kg2
{[%clk 0:00:29]} Kf6 {[%clk 0:04:08]} 37. Nd4 {[%clk 0:00:37]} e5
{[%clk 0:04:14]} 38. Nf3 {[%clk 0:00:45]} h6 {[%clk 0:04:16]} 0-1

[Event "Team Championship of Russia (rapid)"]
[Site "Sochi"]
[Date "2015.05.09"]
[Round "6.14"]
[White "Kokarev, Dmitry"]
[Black "Belyakov, Bogdan"]
[Result "1/2-1/2"]
[LiveChessVersion "1.4.4"]
[BlackElo "2486"]
[WhiteElo "2608"]
[WhiteTeam "Siberia"]

1. e4 {[%clk 0:15:16]} e5 {[%clk 0:15:19]} 2. Nf3 {[%clk 0:15:23]} Nc6
{[%clk 0:15:28]} 3. Bb5 {[%clk 0:15:30]} Nf6 {[%clk 0:15:36]} 4. d3
{[%clk 0:15:34]} Bc5 {[%clk 0:15:44]} 5. Bxc6 {[%clk 0:15:39]} dxc6
{[%clk 0:15:53]} 6. Nbd2 {[%clk 0:15:46]} Be6 {[%clk 0:15:59]} 7. Nb3
{[%clk 0:15:50]} Bd6 {[%clk 0:15:22]} 8. Na5 {[%clk 0:15:55]} Rb8
{[%clk 0:15:01]} 9. Bd2 {[%clk 0:16:01]} c5 {[%clk 0:14:27]} 10. Qe2
{[%clk 0:15:57]} h6 {[%clk 0:14:28]} 11. Nc4 {[%clk 0:15:57]} Bxc4
{[%clk 0:12:56]} 12. dxc4 {[%clk 0:16:04]} Qe7 {[%clk 0:12:59]} 13. O-O-O
{[%clk 0:14:56]} Qe6 {[%clk 0:12:57]} 14. Kb1 {[%clk 0:14:44]} a6
{[%clk 0:12:35]} 15. Nh4 {[%clk 0:12:29]} Qg4 {[%clk 0:11:45]} 16. Qxg4
{[%clk 0:12:19]} Nxg4 {[%clk 0:11:53]} 17. Rdf1 {[%clk 0:12:16]} g6
{[%clk 0:07:56]} 18. g3 {[%clk 0:12:18]} Nf6 {[%clk 0:07:42]} 19. f3
{[%clk 0:12:22]} b5 {[%clk 0:06:47]} 20. Ng2 {[%clk 0:12:21]} Kd7
{[%clk 0:06:55]} 21. Ne3 {[%clk 0:12:03]} Ke6 {[%clk 0:06:10]} 22. Bc3
{[%clk 0:11:19]} Rhd8 {[%clk 0:05:57]} 23. Rf2 {[%clk 0:11:05]} Be7
{[%clk 0:05:15]} 24. Nd5 {[%clk 0:09:44]} Bd6 {[%clk 0:02:29]} 25. Rhf1
{[%clk 0:09:13]} Nxd5 {[%clk 0:02:23]} 26. cxd5+ {[%clk 0:09:19]} Kd7
{[%clk 0:02:23]} 27. f4 {[%clk 0:09:23]} exf4 {[%clk 0:02:31]} 28. e5
{[%clk 0:08:20]} b4 {[%clk 0:02:36]} 29. exd6 {[%clk 0:04:58]} bxc3
{[%clk 0:02:44]} 30. b3 {[%clk 0:05:07]} Kxd6 {[%clk 0:02:12]} 31. Rxf4
{[%clk 0:05:15]} f5 {[%clk 0:02:17]} 32. g4 {[%clk 0:05:23]} Rb4 {[%clk 0:02:12]}
33. gxf5 {[%clk 0:05:15]} Rxf4 {[%clk 0:02:19]} 34. Rxf4 {[%clk 0:05:23]} Re8
{[%clk 0:01:49]} 35. a3 {[%clk 0:05:25]} gxf5 {[%clk 0:01:48]} 36. Rxf5
{[%clk 0:05:29]} Re1+ {[%clk 0:01:57]} 37. Ka2 {[%clk 0:05:35]} Re2
{[%clk 0:01:55]} 38. b4 {[%clk 0:05:26]} c4 {[%clk 0:01:26]} 39. Rh5
{[%clk 0:05:25]} Rxc2+ {[%clk 0:01:34]} 40. Kb1 {[%clk 0:05:34]} Rb2+
{[%clk 0:01:32]} 41. Kc1 {[%clk 0:05:39]} Ra2 {[%clk 0:01:24]} 42. Rxh6+
{[%clk 0:04:23]} Kxd5 {[%clk 0:01:33]} 43. Rh5+ {[%clk 0:04:31]} Kd4
{[%clk 0:01:06]} 44. Rh4+ {[%clk 0:04:39]} Kd3 {[%clk 0:01:08]} 45. Rh3+
{[%clk 0:04:47]} Kd4 {[%clk 0:01:16]} 46. Rh4+ {[%clk 0:04:55]} Kd5
{[%clk 0:01:22]} 47. Rh5+ {[%clk 0:05:04]} Kc6 {[%clk 0:01:09]} 48. h4
{[%clk 0:04:45]} Rxa3 {[%clk 0:01:12]} 49. Kc2 {[%clk 0:04:51]} Kb6
{[%clk 0:00:43]} 50. Rc5 {[%clk 0:04:50]} c6 {[%clk 0:00:21]} 51. h5
{[%clk 0:04:18]} Rb3 {[%clk 0:00:20]} 52. Rxc4 {[%clk 0:04:07]} Rb2+
{[%clk 0:00:28]} 53. Kxc3 {[%clk 0:04:15]} Rh2 {[%clk 0:00:37]} 1/2-1/2